| 000 | 00468 a2200157 4500 | ||
|---|---|---|---|
| 020 | _a 8120325966 | ||
| 040 |
_aDLC _bDLC |
||
| 082 | _a621.3815 | ||
| 100 | _aKumar, A. Anand. | ||
| 245 |
_aPulse and Digital Circuits _c A. Anand, Kumar. |
||
| 260 |
_aNew Delhi : _b Prentice-Hall of India Pvt.Ltd. , _c2004. |
||
| 300 |
_a ix, 467p. : _bill. ; _c 26 cm. |
||
| 500 | _aIncludes Index | ||
| 650 | _a1.Pulse circuits.2.Digital electronics. | ||
| 942 |
_cBK _k621.3815 KUM _2ddc |
||
| 999 |
_c8827 _d8827 |
||